Kárpáthy Sándorné gratuláló levele Szent-Györgyi Alberthez

Elmentve itt :
Bibliográfiai részletek
Szerző: Kárpáthy Sándorné
Dokumentumtípus: Kézirat
Megjelent: 1937-11-28
Kulcsszavak:Levelezés - Kárpáthy Sándorné - Szent-Györgyi Albert, Nobel-díj - 1937
Online Access:http://misc.bibl.u-szeged.hu/71083
LEADER 00678ntm a2200169 i 4500
001 misc71083
005 20241203102341.0
008 230310s1937 hu o 000 hun d
040 |a SZTE Miscellanea Repozitórium  |b hun 
041 |a hun 
100 1 |a Kárpáthy Sándorné 
245 1 0 |a Kárpáthy Sándorné gratuláló levele Szent-Györgyi Alberthez  |h [elektronikus dokumentum] /  |c  Kárpáthy Sándorné 
260 |c 1937-11-28 
300 |a 2 fol. 
561 |a Szent-Györgyi Albert gratuláló levelek 
695 |a Levelezés - Kárpáthy Sándorné - Szent-Györgyi Albert, Nobel-díj - 1937 
856 4 0 |u http://misc.bibl.u-szeged.hu/71083/1/gratulalo_levelek_047.pdf  |z Dokumentum-elérés